000
00215nam a2200073Ia 4500
008
170524s9999 xx 000 0 und d
100
_a
GRAY- CLIFFORD F
245
0
_a
Project Management : The Managerial Process
260
_b
TATA MCGRAW HILL NEW DELHI
999
_c
8488
_d
8488